000 00512nam a22001697a 4500
005 20251108164150.0
008 250721s1966 xx 000 0 ara d
082 1 4 _a069.09563/ع
245 1 0 _aدليل المتحف العراقي /
264 1 _aبغداد :
_bوزارة الثقافة و الإرشاد،
_c1966.
300 _a150ص : مصور
650 1 7 _aالمتاحف
650 1 7 _aالعراق
710 2 _aالعراق - مديرية الاثار العامة
942 _2ddc
_cBK
999 _c5291
_d5291